MARC

LEADER 00000nam^a2200000^a^4500
001 000182817
005 20250521000000.0
009 20260310102020.758
037 |a Acervo ITESO - Biblioteca 
041 |a ESP 
082 |a 720. 97253803  |b OBR 
100 |a Obregón, Gonzalo  |e (autor) 
245 1 0 |a Xochimilco :  |b la iglesia y el convento franciscanos /  |c G. Obregón ; fotografía de L. López del Paso. 
264 |a México :  |b Artes de México,  |c fecha no identificada 
300 |a 1 v. (sin paginación) 
336 |a texto  |b txt  |2 rdacontenido 
337 |a sin mediación  |b n  |2 rdamedio 
338 |a volumen  |b nc  |2 rdasoporte 
546 |a Edición bilingüe español-inglés 
649 |a XX 
650 |a Franciscanos en Xochimilco, México (D.F.) 
650 |a Franciscanos en México 
650 |a Templos Cristianos -  |z Xochimilco, México (D.F.) -  |x Tema Principal 
650 |a Templos Cristianos -  |z México 
650 |a Conventos y Monasterios -  |z Xochimilco, México (D.F.) 
650 |a Conventos y Monasterios -  |z México 
650 |a Arquitectura Religiosa -  |z Xochimilco, México (D.F.) 
650 |a Arquitectura Religiosa -  |z México 
650 |a Arquitectura Virreinal -  |z Xochimilco, México (D.F.) 
650 |a Arquitectura Virreinal -  |z México 
650 |a Arquitectura Barroca -  |z Xochimilco, México (D.F.) 
650 |a Arquitectura Barroca -  |z México 
650 |a Arquitectura Mexicana -  |x Historia y Crítica 
650 |a Arte Religioso -  |z Xochimilco, México (D.F.) 
650 |a Arte Religioso -  |z México 
650 |a Arte Virreinal -  |z Xochimilco, México (D.F.) 
650 |a Arte Barroco -  |z Xochimilco, México (D.F.) 
650 |a Arte Barroco -  |z México 
650 |a Arte Mexicano -  |x Historia y Crítica 
650 |a Xochimilco, México (D.F.) -  |x Historia -  |y Epoca Colonial, 1517-1821 
650 |a México -  |x Historia -  |y Epoca Colonial, 1517-1821 
650 |a Xochimilco, México (D.F.) -  |x Descripción 
650 |a México -  |x Descripción 
700 |a López del Paso, Luis  |e (fotógrafo) 
910 |a Fondo General 
920 |a Impresos - Libros 
930 |a Reserva Especial 
905 |a 103 
901 |a 0500122520  |b IT1  |c REE  |u 20250521 
902 |a https://opac.biblio.iteso.mx/vufind/Record/000182817